000 03741cam a2200421 4500500
005 20260329003510.0
041 _afre
042 _adc
100 1 0 _aPorro, Bertrand
_eauthor
700 1 0 _aCampone, Mario
_eauthor
700 1 0 _aJoalland, Viviane
_eauthor
700 1 0 _aThomas, Céline
_eauthor
700 1 0 _aBazille, Anne-Sophie
_eauthor
700 1 0 _aMontaigne, Hélène
_eauthor
700 1 0 _aChambre-Clavel, Béatrice
_eauthor
700 1 0 _aHiret, Sandrine
_eauthor
700 1 0 _aDumas, Laurence
_eauthor
700 1 0 _aDelva, Rémy
_eauthor
700 1 0 _aBranchereau, Marion
_eauthor
700 1 0 _aPetit, Audrey
_eauthor
700 1 0 _aBlanc-Onfroy, Magali Le
_eauthor
700 1 0 _aRoquelaure, Yves
_eauthor
245 0 0 _aCoordination hospitalière de retour au travail (COHRAT) au cœur d’un écosystème régional implantée au sein de l’Institut de cancérologie de l’Ouest
260 _c2026.
500 _a94
520 _aL’amélioration de la survie après le diagnostic d’un cancer rend crucial le soutien au retour durable au travail, en particulier pour les salariés du secteur privé, plus exposés au risque de désinsertion professionnelle. Pour répondre à ce besoin, l’Institut de cancérologie de l’Ouest a développé une coordination hospitalière innovante proposant un accompagnement individualisé, initié au sein du parcours de soins et articulé avec la médecine de ville, la santé au travail et l’entreprise. Fondé sur la théorie et les preuves, le dispositif combine évaluation clinique, coordination interprofessionnelle et outils standardisés destinés aux patients et aux acteurs professionnels. Inscrit dans un réseau territorial structuré en Pays de la Loire, ce dispositif vise à sécuriser les trajectoires de reprise du travail et à prévenir la désinsertion professionnelle de l’après-cancer. Une étude pilote en cours, auprès de femmes traitées pour un cancer du sein non métastatique, permettra d’en préciser l’efficacité et les conditions de déploiement. Le programme fait également l’objet d’adaptations pour d’autres types de cancers et pour les aidants.
520 _aImproved survival following a cancer diagnosis makes it crucial that a sustainable return to work is supported, particularly for employees in the private sector, who are at higher risk of occupational disengagement. To address this need, the Institut de Cancérologie de l’Ouest has developed an innovative hospital-based coordination programme offering individualised support, initiated within the care pathway and integrated with primary care, occupational health services and the workplace. Grounded in theory and evidence, the programme combines clinical assessment, interprofessional coordination, and standardised tools for both patients and professional stakeholders. Embedded within a structured regional network in the Pays de la Loire, the initiative aims to secure return-to-work pathways and prevent post-cancer occupational exclusion. An ongoing pilot study involving women treated for non-metastatic breast cancer will evaluate the programme’s effectiveness and implementation conditions. The programme is also being adapted for other cancer types and for caregivers.
690 _acancer
690 _acoordination
690 _aintervention
690 _aretour au travail
690 _acancer
690 _acoordination
690 _aintervention
690 _areturn-to-work
786 0 _nInnovations & Thérapeutiques en Oncologie | Volume 12 | 1 | 2026-02-24 | p. 38-44 | 2431-3203
856 4 1 _uhttps://stm.cairn.info/revue-innovations-therapeutiques-en-oncologie-2026-1-page-38?lang=fr&redirect-ssocas=7080
999 _c1825079
_d1825079